000 00474nam a2200169 a 4500
001 000040192
005 20201002033955.0
008 130814s2004 sp 000 0 spa d
040 _aDO-SdBNP
_bspa
_cBNPHU
100 1 _aWeiss, Brian
_966461
245 1 0 _aMuchas vidas, muchos maestros /
_cBrian Weiss.
250 _a5a. ed.
260 _aMadrid :
_bPunto de Lectura,
_c2004.
300 _a256 p. ;
_c20 cm.
490 1 _aPunto de lectura
830 0 _aPunto de lectura
_93047
999 _c39682
_d39682